Promi Darts WM 2025 - Statistiken

Allgemein
  • Dieses Quiz wurde 119 mal gespielt
  • Das Durchschnittsergebnis liegt bei 7 aus 12
Antwortstatistiken
Promi % Korrekt
Michael van Gerwen
90%
Luke Humphries
82%
Stephen Bunting
78%
Vanessa Mai
69%
Peter Wright
68%
Martin Schindler
66%
Ricardo Pietreczko
64%
Wolff-Christoph Fuss
54%
Patrick Owomoyela
48%
Evelyn Burdecki
47%
Simon Gosejohann
43%
Axel Stein
36%
Keine übereinstimmenden Quizze gefunden
Verteilung der Resultate
Anzahl Personen mit jedem Resultat
Perzentil nach korrekt beantworteten Fragen
Ihre Resultats-Entwicklung
Sie haben dieses Quiz noch nicht gespielt